| 000 | 00441nam a2200157Ia 4500 | ||
|---|---|---|---|
| 008 | 210716s2012 xx 000 0 und d | ||
| 020 | _a9788126533480 | ||
| 041 | _aeng | ||
| 082 | _a621.3821 RODR | ||
| 100 | _aRodger, Richard. | ||
| 245 | _aBegining mobile application development in the cloud. | ||
| 250 | _a1 | ||
| 260 |
_aNew Delhi _bWiley India Pvt Ltd _c2012 |
||
| 300 | _axxvii,523 | ||
| 650 | _aCommunication Network Architecture | ||
| 999 |
_c196999 _d196999 |
||